Random 25 Countries on a map - Statistics

General Stats
  • This quiz has been taken 946 times
  • The average score is 22 of 25
Answers on the Map
Answers color-coded by a green-red scale on the quiz's map according to % correct below.
 
Answer Stats
Country % Correct
Afghanistan
100%
Algeria
100%
Australia
100%
Belarus
100%
Bolivia
100%
Brazil
100%
Canada
100%
China
100%
Cuba
100%
Denmark
100%
Estonia
100%
France
100%
Germany
100%
Guatemala
100%
India
100%
Indonesia
100%
Iran
100%
Iraq
100%
Italy
100%
Japan
100%
Kazakhstan
100%
Libya
100%
Madagascar
100%
Mali
100%
Malta
100%
Mexico
100%
Mongolia
100%
Namibia
100%
Nepal
100%
Netherlands
100%
Niger
100%
North Korea
100%
Norway
100%
Palau
100%
Peru
100%
Philippines
100%
Republic Of The Congo
100%
Saudi Arabia
100%
Serbia
100%
Seychelles
100%
South Africa
100%
South Sudan
100%
Spain
100%
Sri Lanka
100%
Sweden
100%
Taiwan
100%
Thailand
100%
Turkey
100%
Ukraine
100%
United Kingdom
100%
United States
100%
Chile
96%
Guyana
96%
Ireland
96%
Israel
96%
Jordan
96%
Albania
95%
Belize
95%
Bhutan
95%
Chad
95%
Colombia
95%
Democratic Republic Of The Congo
95%
Finland
95%
Greece
95%
Haiti
95%
Hungary
95%
Laos
95%
Latvia
95%
Lesotho
95%
Rwanda
95%
Sao Tome and Principe
95%
Vietnam
95%
Yemen
95%
Austria
94%
Bulgaria
94%
Egypt
94%
Kuwait
94%
Maldives
94%
Nicaragua
94%
Poland
94%
Tunisia
94%
Uzbekistan
94%
Benin
93%
Cambodia
93%
Ecuador
93%
Honduras
93%
Iceland
93%
Oman
93%
Panama
93%
Papua New Guinea
93%
Sudan
93%
Argentina
92%
Belgium
92%
Dominican Republic
92%
Guinea Bissau
92%
Kyrgyzstan
92%
Lebanon
92%
Myanmar
92%
Pakistan
92%
Russia
92%
Syria
92%
Tanzania
92%
Venezuela
92%
Nigeria
91%
Portugal
91%
Bosnia And Herzegovina
90%
Burkina Faso
90%
Central African Republic
90%
Montenegro
90%
North Macedonia
90%
Suriname
90%
Switzerland
90%
United Arab Emirates
90%
Zimbabwe
90%
Bangladesh
89%
Djibouti
89%
Qatar
89%
Romania
89%
Slovenia
89%
South Korea
89%
Cape Verde
88%
Equatorial Guinea
88%
Jamaica
88%
Malawi
88%
Morocco
88%
Mozambique
88%
Paraguay
88%
Uruguay
88%
Zambia
88%
Bahamas
87%
Burkina Faso
87%
Kosovo
87%
Comoros
86%
Costa Rica
86%
Kenya
86%
Lithuania
86%
Mauritania
86%
Somalia
86%
Vanuatu
86%
Croatia
85%
New Zealand
85%
Solomon Islands
85%
Togo
85%
Turkmenistan
85%
Azerbaijan
84%
Botswana
84%
Eritrea
84%
Georgia
84%
Angola
83%
Cameroon
83%
Cyprus
83%
Guinea
83%
Marshall Islands
83%
Slovakia
83%
Czech Republic
82%
Uganda
82%
East Timor
81%
Mauritius
81%
Senegal
81%
El Salvador
80%
Moldova
80%
Malaysia
78%
Liberia
76%
Gambia
75%
Ghana
75%
Luxembourg
75%
Burundi
73%
Fiji
73%
Nauru
73%
Armenia
70%
Ivory Coast
69%
Kiribati
69%
Tajikistan
69%
Sierra Leone
68%
Tonga
67%
Eswatini
64%
Gabon
64%
Tuvalu
56%
Samoa
52%
Singapore
50%
Brunei
47%
Andorra
43%
Bahrain
33%
No matching quizzes found
Score Distribution
Percent of People with Each Score
Percentile by Number Answered
Your Score History
You have not taken this quiz